000 00639nam a22002417a 4500
005 20170124110053.0
010 _a600858
020 _c00.00
035 _a600858
037 _bCen Lib/Ret
040 _aDPL
_bEN
082 _a658
_bCHO
100 _aChowdhry, Kamla
_925852
245 _aChange in organisations /
_cby Kamla Choudhry
260 _aBombay
_bLalvani publishing house
_c1970
270 _aD.N. road
_bBombay
300 _ax,209p.
_c21cm(Hb)
500 _aIncludes index
650 _aAccounting
_910075
650 _aE-business
_925853
700 _925846
942 _2ddc
_cEN
_h658
_mCHO
999 _c129256
_d129256